| 000 -LEADER |
| fixed length control field |
00338nam a22001217a 4500 |
| 082 ## - DEWEY DECIMAL CLASSIFICATION NUMBER |
| Classification number |
TNC A99 Au62/D26 |
| 100 ## - MAIN ENTRY--PERSONAL NAME |
| Personal name |
Das Manoj |
| 9 (RLIN) |
22284 |
| 245 ## - TITLE STATEMENT |
| Title |
The hour of god : |
| Remainder of title |
Selections from his writings |
| Statement of responsibility, etc |
by Manoj Das |
| 260 ## - PUBLICATION, DISTRIBUTION, ETC. (IMPRINT) |
| Place of publication, distribution, etc |
New Delhi |
| Name of publisher, distributor, etc |
Sahitya |
| Date of publication, distribution, etc |
1995 |
| 300 ## - PHYSICAL DESCRIPTION |
| Extent |
334p. |
| 650 ## - SUBJECT ADDED ENTRY--TOPICAL TERM |
| Topical term or geographic name as entry element |
Sri Aurobindo |
| 9 (RLIN) |
23493 |
| 650 ## - SUBJECT ADDED ENTRY--TOPICAL TERM |
| Topical term or geographic name as entry element |
1872 - 1950 |
| 9 (RLIN) |
23494 |